000 00513nam a2200181Ia 4500
001 5223
005 20260306145852.0
008 260306t2014||||xx |||||||||||||| ||spa||
041 _aESP
082 _a338.20985
_bP669
100 _aPovea Moreno, Isabel María
_eAUT
245 0 _aMinería y reformismo borbónico en el perú:
_bestado, empresa y trabajadores en huancavelica, 1784 - 1814
260 _c2014
300 _a491 páginas :
_c21 cm.
650 _aGEN
654 _aCAN
942 _cLIB
_dJUS
_fJUS
_2ddc
_n
999 _c5223
_d5223